| 000 | 00784nam a2200265 a 4500 | ||
|---|---|---|---|
| 001 | BRCA_8020 | ||
| 005 | 20190320210110.0 | ||
| 008 | 190314s1969----sp-a###f##---#001-0#spa-# | ||
| 041 | _aspa | ||
| 044 | _asp | ||
| 050 | 4 |
_aND813 _b.G35 _c1969 |
|
| 100 | 1 |
_aGerard, Max _919922 |
|
| 245 | 1 | 0 |
_aDalí _bde Draeger _cMax Gerard. |
| 250 | _a2 | ||
| 260 |
_aEspaña _bBlume _c1969 |
||
| 300 |
_a243 p. _bil. (algunas a color) _c31 cm. |
||
| 500 | _a3161 | ||
| 500 | _aTítulo original : Dalí. Le soleil noir, editeur, París. | ||
| 500 | _aVersión española de José Corredor Mateos | ||
| 600 | 1 | 4 |
_aDalí, Salvador _919923 |
| 650 | 1 | 4 |
_aPintores españoles _vObra artística _919924 |
| 650 | 1 | 4 |
_aArte contemporáneo _vSurrealismo _zEspaña _919925 |
| 902 | _aGFM | ||
| 942 |
_2lcc _cB |
||
| 999 |
_c7689 _d7689 |
||